| 000 | 00326nam a2200109Ia 4500 | ||
|---|---|---|---|
| 008 | 230907s9999||||xx |||||||||||||| ||und|| | ||
| 082 |
_a327 _bCLA |
||
| 245 | 0 | _aClassic readings and contemporary debates in international relations / | |
| 260 |
_aThomson Wadsworth, _bBelmont, CA : _c2006 |
||
| 300 | _axx, 716 p. ; | ||
| 942 | _cBK | ||
| 999 |
_c599011 _d599011 |
||